000 00784nam a2200241 i 4500
001 134408
003 ES-MaACL
005 20250831084819.0
007 t|
008 070910s1969 sp ||||1| spa d
100 1 _aXirinacs, Lluís M.
_9117520
245 1 0 _aSecularización y cristianismo /
_cLuis M. Xirinacs ; [versión castellana de Lluis Riera].
250 _a[1ª ed.].
260 _aBarcelona :
_bNova Terra,
_c[1969]
300 _a199 p. ;
_c20 cm.
490 1 _aColección "El hombre nuevo" ;
_v39
650 1 7 _aCristianismo
_2embne
_911425
650 1 7 _aSecularización (Teología)
_2embne
_917005
700 1 _aRiera, Luis.
_997111
830 0 0 _aColección hombre nuevo
_v39
_9182261
852 _aES-MaACL
_jC-50351
_bR.71462
999 _c134408
_d134408